00874 a2200181 4500003000500000005001700005010001600022020001500038040000900053082001600062100002400078245006500102250001200167260005400179300003400233505039000267650003500657Nust20220817184742.0 a 89038235 a0201516519 cNust00a621.382,STK1 aStremler, Ferrel G.10aIntroduction to communication systems /cFerrel G. Stremler. a3rd ed. aReading, Mass. :bAddison-Wesley Pub. Co.,c1990. axix, 757 p. :bill. ;c24 cm. aIntroduction (Page-1), Orthogonality and Signal Representations (Page-8), The Fourier Transform and Applications (Page-82), Spectral Density and Correlation (Page-163), Amplitude Modulation (Page-219), Angle Modulation (Page-298), Pulse Modulation (Page-371), Probability and Random Variables (Page- 457), Information and Digital Transmission (Page-531), Digital Modulation (Page-608). 0aTelecommunication Engineering.